000
00320nam a22001337a 4500
082
_a
001
_b
EDI/Q
100
_a
EDITH
100
_a
BONHIVERT,ERNEST
245
_a
QUESTIONS CHILDREN ASK
260
_a
CHICAGO
_b
STANDARD EDUCATIONAL CORPORATION
_c
1985
300
_a
192
650
_a
GENERAL KNOWLEDGE
_z
CHICAGO
942
_c
BK
999
_c
2913
_d
2913